| 000 | 00494nam a2200121Ia 4500 | ||
|---|---|---|---|
| 008 | 160712s9999 xx 000 0 und d | ||
| 100 | _aSalvador-Amores, Analyn. | ||
| 245 |
_cAnalyn Salvador-Amores _aPart 2 - The Recontextualization of Burik (Traditional Tattoos) of Kabayan Mummies in Benguet to Contemporary Practices |
||
| 260 |
_c2012 _bHumanities Diliman |
||
| 300 | _avol. 9 no. 1 | ||
| 650 | _xHUMANITIES | ||
| 856 | _uhttp://journals.upd.edu.ph/index.php/humanitiesdiliman/issue/view/355 | ||
| 999 |
_c297434 _d297434 |
||